000 00515nam a22001937a 4500
003 LK-CoMWRAF
005 20231120220750.0
008 231120b |||||||| |||| 00| 0 eng d
020 _a9780140157512
040 _aLK-CoMWRAF
_dLK-CoMWRAF
_eLK-CoMWRAF
041 _aeng
082 _a823
_bMAR
100 _aMarquez, Gabriel Garcia
245 _aOne hundred years of solitude
260 _aNew York :
_bChelsea house publishers,
_c2006
300 _a135 p. ; 23 cm.
650 _aEnglish Fiction
942 _cBK
999 _c4179
_d4179